Návrat k starým pozíciám

Pozitívne trendy automobilového trhu na Slovensku. Predaj osobných automobilov v SR. Podiel značiek na predaji automobilov v roku 2001.

Enregistré dans:
Détails bibliographiques
Format: Chapitre de livre
Langue:slovaque
Sujets:
Tags: Ajouter un tag
Pas de tags, Soyez le premier à ajouter un tag!

MARC

LEADER 00000naa a2200000 4500
001 r044461
005 20230920074013.4
041 0 |a slo 
044 |a SK 
245 1 0 |a Návrat k starým pozíciám 
520 |a Pozitívne trendy automobilového trhu na Slovensku. Predaj osobných automobilov v SR. Podiel značiek na predaji automobilov v roku 2001. 
610 2 0 |a priemysel automobilový 
610 2 0 |a trh 
610 2 0 |a automobily 
610 2 0 |a predaj 
610 2 0 |a značky výrobné 
610 2 0 |a lízing 
610 2 0 |a Slovensko